[Event "Challenge"]
[Site "http://www.queenalice.com/game.php?id=1871211"]
[Date "2026.3.29"]
[Round "-"]
[White "SeveroChess18"]
[Black "PRZ"]
[Result "1-0"]
[WhiteElo "1651"]
[BlackElo "1505"]

1. e4 b6 2. d4 Bb7 3. Bd3 e6 4. Nf3 c5 5. c3 d5 6. e5 c4 7. Bc2 b5 8. a3 h5 9.
h4 Nc6 10. Bg5 f6 11. Bg6+ Kd7 12. exf6 gxf6 13. Bf4 f5 14. Ne5+ Nxe5 15. Bxe5
Rh6 16. Bxh5 Ne7 17. g3 Nc6 18. Bf4 Rh8 19. Nd2 a5 20. Qe2 b4 21. axb4 axb4 22.
O-O Be7 23. Bf7 e5 24. dxe5 Bxh4 25. Rxa8 Bxa8 26. Bxd5 Be7 27. Qxc4 Na5 28.
Qb5+ Nc6 29. e6+ Ke8 30. Bxc6+ Bxc6 31. Qxc6+ Kf8 32. Nf3 Kg8 33. c4 Qd3 34.
Qe8+ 1-0

[Event "Challenge"]
[Site "http://www.queenalice.com/game.php?id=1871744"]
[Date "2026.4.9"]
[Round "-"]
[White "crisvolei"]
[Black "PRZ"]
[Result "1-0"]
[WhiteElo "1554"]
[BlackElo "1499"]

1. h4 e6 2. d4 d5 3. f4 Nf6 4. Qd3 c5 5. c4 Ne4 6. dxc5 Nxc5 7. Qd4 a6 8. f5 Nc6
9. Qe3 Bd6 10. cxd5 Ne5 11. dxe6 fxe6 12. Qg5 Qxg5 13. Bxg5 Ne4 14. fxe6 Bxe6
15. Nf3 Nxg5 16. hxg5 Ng4 17. Nc3 Bg3+ 18. Kd2 O-O-O+ 19. Kc2 Ne3+ 20. Kc1 b5
21. b4 Bf4 22. g3 Nc4+ 23. Kc2 Bf5+ 24. Kb3 a5 25. Nxb5 Nd2+ 26. Nxd2 Bxg3 27.
Nc4 axb4 28. Bg2 Be6 29. Kxb4 g6 30. a4 Kd7 31. Rhd1+ Ke7 32. Rxd8 Kxd8 33. Rd1+
Ke7 34. Ncd6 Rb8 35. a5 Rxb5+ 36. Nxb5 Bf4 37. a6 1-0

[Event "Challenge"]
[Site "http://www.queenalice.com/game.php?id=1872313"]
[Date "2026.4.23"]
[Round "-"]
[White "zmanomega"]
[Black "PRZ"]
[Result "0-1"]
[WhiteElo "1511"]
[BlackElo "1506"]

1. e4 c5 2. d4 e6 3. Be3 d5 4. e5 a6 5. Nf3 b5 6. dxc5 Qa5+ 7. c3 b4 8. Bd2 bxc3
9. bxc3 Qxc5 10. Nd4 h6 11. Qf3 Nd7 12. h4 Nxe5 13. Qf4 Bd6 14. Qe3 Nf6 15. Be2
Ne4 16. Rf1 Nxd2 17. Nxd2 f5 18. Bh5+ g6 19. Be2 Rb8 20. N2b3 Qc7 21. f4 Nc4 22.
Bxc4 Qxc4 23. Rc1 a5 24. Rc2 a4 25. Nd2 Qc7 26. Nxe6 Bxe6 27. Qxe6+ Be7 28.
Qxg6+ Kd8 29. Qxf5 a3 30. Qxd5+ Bd6 31. Nb3 Qe7+ 32. Kd1 Rb6 33. Kc1 Qxh4 34.
Qa5 Kc7 35. Nd4 Bxf4+ 36. Rd2 Bxd2+ 37. Kxd2 Qg5+ 38. Kc2 Qxg2+ 0-1

[Event "Challenge"]
[Site "http://www.queenalice.com/game.php?id=1872314"]
[Date "2026.4.23"]
[Round "-"]
[White "PRZ"]
[Black "Wilson"]
[Result "0-1"]
[WhiteElo "1522"]
[BlackElo "1534"]

1. c4 c5 2. Nc3 e6 3. e4 Nc6 4. Nf3 d6 5. Qa4 Bd7 6. Qd1 Nf6 7. a3 Be7 8. d3 a6
9. b4 b6 10. b5 axb5 11. cxb5 Na5 12. a4 O-O 13. h4 h6 14. g4 Nxg4 15. d4 d5 16.
exd5 c4 17. dxe6 Bxe6 18. d5 Bf5 19. Nd4 Bxh4 20. Nxf5 Nxf2 21. Nxh6+ gxh6 22.
Rg1+ Ng4+ 23. Kd2 Nb3+ 24. Kc2 Nxa1+ 25. Kb1 h5 26. Kxa1 Bf6 27. Rxg4+ hxg4 28.
Qxg4+ Bg7 29. Bb2 f5 30. Qg2 Qh4 31. Nd1 Ra7 32. d6 Rxa4+ 33. Kb1 c3 34. Bxc3
Rf7 35. Kc2 Kf8 36. Bxg7+ Rxg7 37. Qd2 Qd8 38. Qh6 Rh4 39. Qe6 Re4 40. Qxf5+ Rf7
41. Qxe4 Qxd6 42. Qa8+ Kg7 43. Nc3 Rxf1 44. Qg2+ Qg6+ 45. Qxg6+ Kxg6 46. Nd5
Rf2+ 47. Kd3 Rf5 48. Ne7+ Kf6 49. Nxf5 Kxf5 50. Kd4 Ke6 51. Kc4 Kd6 52. Kd4 Ke6
53. Kc4 Kd6 54. Kb4 Kd5 0-1

[Event "Challenge"]
[Site "http://www.queenalice.com/game.php?id=1872315"]
[Date "2026.4.23"]
[Round "-"]
[White "Wilson"]
[Black "PRZ"]
[Result "1-0"]
[WhiteElo "1519"]
[BlackElo "1506"]

1. e4 e5 2. d4 c5 3. c3 a6 4. Nf3 Bd6 5. Be2 cxd4 6. Bc4 h6 7. O-O g5 8. cxd4 f6
9. h3 Qc7 10. Nbd2 h5 11. b3 g4 12. Nh4 Nh6 13. Ng6 Rh7 14. Nf3 exd4 15. Nxd4
Nc6 16. Nf5 Nxf5 17. exf5 gxh3 18. Re1+ Kd8 19. Bg8 Re7 20. Nxe7 Nxe7 21. Qxh5
hxg2 22. Kxg2 b5 23. Bb2 Bb7+ 24. Kg1 Be5 25. Bxe5 d6 26. Rad1 fxe5 27. Be6 Qc6
28. Qh8+ Qe8 29. Rxd6+ Kc7 30. Qxe5 b4 31. Rd7+ Kb6 32. Qc7+ 1-0

[Event "Challenge"]
[Site "http://www.queenalice.com/game.php?id=1872683"]
[Date "2026.4.30"]
[Round "-"]
[White "PRZ"]
[Black "Rocio"]
[Result "0-1"]
[WhiteElo "1521"]
[BlackElo "1367"]

1. c4 e5 2. Nc3 Bb4 3. Ne4 Qh4 4. Qc2 f5 5. Ng3 Qe7 6. Nxf5 Qf6 7. a3 Bc5 8. b4
Bxf2+ 9. Kd1 e4 10. Qxe4+ Kf7 11. d4 d6 12. Qd5+ Be6 13. Nxd6+ Kf8 14. Qxb7 Qd8
15. Nf3 cxd6 16. Ng5 Bxc4 17. d5 Nd7 18. Qc6 Nb6 19. Ne6+ Ke7 20. Bg5+ Nf6 21.
Nxg7 Bxd5 22. Qc3 Rf8 23. Nf5+ Kd7 24. e3 Rc8 25. Qb2 Nc4 26. Qxf2 Ne4 27. Qf4
Nxg5 28. g4 Qf6 29. Rc1 Nb2+ 30. Ke1 Nf3+ 31. Kf2 Nd3+ 32. Bxd3 Qb2+ 33. Kg3
Rxc1 34. Qxd6+ Kc8 35. Qxf8+ Kb7 36. Rxc1 Qxh2# 0-1

[Event "Challenge"]
[Site "http://www.queenalice.com/game.php?id=1873204"]
[Date "2026.5.9"]
[Round "-"]
[White "renet54"]
[Black "PRZ"]
[Result "0-1"]
[WhiteElo "1482"]
[BlackElo "1506"]

1. d4 d5 2. Bf4 c5 3. e3 Nc6 4. Nf3 c4 5. Nc3 a5 6. Be2 Bf5 7. O-O Nf6 8. Re1
Ne4 9. Nxe4 Bxe4 10. c3 f6 11. h3 g5 12. Bxg5 fxg5 13. Nxg5 Bf5 14. Bh5+ Bg6 15.
Bxg6+ hxg6 16. Qf3 Kd7 17. Qxd5+ Kc8 18. Qxc4 e5 19. dxe5 Qxg5 20. Rad1 Rxh3 21.
Qe6+ Kc7 22. Qd7+ Kb6 23. Qxh3 Qxe5 24. e4 Bc5 25. c4 Rh8 26. Qb3+ Nb4 27. Qf3
g5 28. a3 Nc2 29. Rd2 Nxe1 30. Qb3+ Kc7 31. Kf1 Rh1+ 32. Ke2 Qxe4+ 0-1

[Event "Challenge"]
[Site "http://www.queenalice.com/game.php?id=1873671"]
[Date "2026.5.21"]
[Round "-"]
[White "PRZ"]
[Black "Rovigo"]
[Result "0-1"]
[WhiteElo "1551"]
[BlackElo "1456"]

1. d4 d5 2. c4 dxc4 3. Qa4+ c6 4. Qxc4 a5 5. Nf3 h5 6. Ng5 e6 7. e4 Nf6 8. Bf4
Bb4+ 9. Nc3 Bxc3+ 10. Qxc3 a4 11. b4 Nbd7 12. e5 Nd5 13. Qf3 f6 14. Nxe6 Qe7 15.
Nc7+ Nxc7 16. a3 fxe5 17. dxe5 Nxe5 18. Qe2 Nd5 19. Bxe5 Bg4 20. Qe4 Nc3 21.
Qg6+ Kd7 22. f4 Rh6 23. Qd3+ Nd5 24. b5 h4 25. bxc6+ bxc6 26. Rd1 Bxd1 27. Kxd1
Re6 28. Qf5 Rf8 29. Qd3 c5 30. Qxd5+ Ke8 31. Bb5+ Kf7 32. f5 Rd8 33. fxe6+ Kg8
34. Qd7 g6 35. Ke2 Rxd7 36. Bxd7 c4 37. Rf1 Qc5 38. Bb2 c3 39. Bc1 Qe5+ 40. Kf2
Qd4+ 41. Be3 Qc4 42. e7 Qf7+ 43. Kg1 Qxe7 44. Bd4 Qxa3 45. Be6+ Kh7 46. Rf7+ Kg8
47. h3 c2 48. Rf3+ Kh7 49. Rxa3 c1=Q+ 50. Kh2 Qxa3 51. Bg1 Qd6+ 0-1

[Event "Challenge"]
[Site "http://www.queenalice.com/game.php?id=1873672"]
[Date "2026.5.21"]
[Round "-"]
[White "Rovigo"]
[Black "PRZ"]
[Result "0-1"]
[WhiteElo "1469"]
[BlackElo "1538"]

1. e4 g6 2. Nc3 Bg7 3. Nf3 c5 4. d3 Nc6 5. a4 Qa5 6. Bd2 Nd4 7. Nxd4 cxd4 8. Nd5
Qd8 9. Bb4 d6 10. Qf3 f5 11. exf5 Bxf5 12. h4 a5 13. Ba3 Qc8 14. c3 dxc3 15.
bxc3 Bxc3+ 16. Nxc3 Qe6+ 17. Ne4 d5 18. Qe2 dxe4 19. dxe4 Bxe4 20. Qb5+ Bc6+ 21.
Kd2 O-O-O+ 22. Qd3 Rxd3+ 23. Bxd3 Qd7 24. Bb2 Be4 25. Bxh8 Qxd3+ 26. Ke1 Bxg2
27. Rg1 Qe4+ 28. Kd2 Bf3 29. Rac1+ Kd7 30. Rge1 Qxa4 31. Be5 e6 32. Rc7+ Kd8 33.
Rec1 Ne7 34. Bd6 Qd4+ 35. Ke1 Qxd6 36. R7c3 Qb4 37. Kf1 Qxh4 38. Ke1 Bg2 39. Kd2
Qxf2+ 40. Kd1 Bf3+ 41. Rxf3 Qxf3+ 42. Kc2 a4 43. Ra1 Qb3+ 44. Kd2 Qb2+ 0-1